000 00402nam a22001577a 4500
040 _cNUST
082 _a629.1323
_bHOU
100 _aHoughton, E.L.
_940697
245 _aAerodynamics for Engineering Students/
_cE.L. Houghton
250 _aSeventh Edition
260 _aUnited States:
_bElsevier;
_c2017.
300 _a671p.
521 _bHB
710 _aP.W. Carpenter
_9118621
942 _2ddc
_cBK
999 _c606801
_d606801